KOHA-Header-6

Psychology / (Record no. 12518)

000 -LEADER
fixed length control field 00987cam a2200313 a 4500
001 - CONTROL NUMBER
control field 16431067
003 - CONTROL NUMBER IDENTIFIER
control field MAJU-Karachi
005 - DATE AND TIME OF LATEST TRANSACTION
control field 20200922123504.0
008 - FIXED-LENGTH DATA ELEMENTS--GENERAL INFORMATION
fixed length control field 100824s2012 caua b 001 0 eng
010 ## - LIBRARY OF CONGRESS CONTROL NUMBER
LC control number 2010935619
020 ## - INTERNATIONAL STANDARD BOOK NUMBER
International Standard Book Number 9781111301552 (student ed.)
020 ## - INTERNATIONAL STANDARD BOOK NUMBER
International Standard Book Number 1111301557 (student ed.)
020 ## - INTERNATIONAL STANDARD BOOK NUMBER
International Standard Book Number 9781111302702 (looseleaf ed.)
020 ## - INTERNATIONAL STANDARD BOOK NUMBER
International Standard Book Number 1111302707 (looseleaf ed.)
040 ## - CATALOGING SOURCE
Original cataloging agency DLC
Transcribing agency DLC
042 ## - AUTHENTICATION CODE
Authentication code pcc
050 00 - LIBRARY OF CONGRESS CALL NUMBER
Classification number BF121
Item number .P794 2012
100 ## - MAIN ENTRY--PERSONAL NAME
Personal name Bernstein
245 00 - TITLE STATEMENT
Title Psychology /
Statement of responsibility, etc Douglas A. Bernstein ... [et al.].
250 ## - EDITION STATEMENT
Edition statement 9th Ed.
260 ## - PUBLICATION, DISTRIBUTION, ETC. (IMPRINT)
Place of publication, distribution, etc Belmont, CA :
Name of publisher, distributor, etc Wadsworth, Cengage Learning,
Date of publication, distribution, etc 2012.
300 ## - PHYSICAL DESCRIPTION
Extent xxiii, 767 p. :
Other physical details ill. (chiefly col.) ;
Dimensions 29 cm.
504 ## - BIBLIOGRAPHY, ETC. NOTE
Bibliography, etc Includes bibliographical references and indexes.
650 #0 - SUBJECT ADDED ENTRY--TOPICAL TERM
Topical term or geographic name as entry element Psychology.
700 1# - ADDED ENTRY--PERSONAL NAME
Personal name Bernstein, Douglas A.
906 ## - LOCAL DATA ELEMENT F, LDF (RLIN)
a 7
b cbc
c orignew
d 2
e epcn
f 20
g y-gencatlg
942 ## - ADDED ENTRY ELEMENTS (KOHA)
Source of classification or shelving scheme
Koha item type Psychology
Holdings
Withdrawn status Lost status Source of classification or shelving scheme Damaged status Not for loan Collection code Permanent Location Current Location Shelving location Date acquired Total Checkouts Total Renewals Full call number Barcode Date last seen Date checked out Price effective from Koha item type
          Psychology MAJU MAJU Shelf No.A35 2020-09-22 3 1 150 9743 2024-07-02 2024-06-14 2020-09-22 Psychology

Powered by Koha